000 01235nam a2200313 i 4500
003 EG-GICUC
005 20260427110540.0
008 260427s1932 fr |||fr|||| 00| 0 fre d
040 _aEG-GiCUC
_bfre
_cEG-GiCUC
_dEG-GiCUC
_eRda
041 _afre
082 0 4 _221
_a343
_bBE . C
092 0 4 _221
099 _aLaw1 10 343 BE . C 1932
100 1 _aBerezowski, Conrad
_eAuteur
245 1 0 _aCode pénal polonais du 11 juillet 1932 et Loi sur les contraventions du 11 juillet 1932 :
_btraduit sous la direction de m. Émile-Stanislas Rappaport /
_cpar m. Conrad Berezowski.
264 1 _aParis :
_bLibrairie des Juris-Classeurs--Éditions Godde,
_c1932.
300 _a75 page ;
_c 24 cm.
336 _2rda contenu
_a texte
337 _2rda medias
_aOrdinateur
338 _2 transporteur rda
_a Ressource en ligne
490 1 _aAssociation Internationale de Droit pénal Collection des Lois pénales étrangères
_vI
650 1 4 _aCriminal law
_2qrmak
650 1 4 _aCriminal Science
651 1 _2qrmak
830 0 _aAssociation Internationale de Droit pénal Collection des Lois pénales étrangères
_vI
856 4 0 _uhttps://fll.law.cu.edu.eg/fulltext/bks/B10-11467.pdf
905 _a161
942 _2ddc
_cBK
_e21
_n0
999 _c73629
_d73629